Города Норвегии по населению - Statistics

General Stats
  • This quiz has been taken 10 times
  • The average score is 2 of 21
Answer Stats
Место Население Город % Correct
1 724 290 Осло
100%
3 216 518 Тронхейм
44%
12 79 421 Тромсе
33%
19 53 725 Буде
22%
2 293 709 Берген
11%
6 118 221 Кристиансанн
11%
17 59 198 Олесунн
11%
4 150 123 Ставангер
0%
5 132 358 Берум
0%
7 105 452 Драммен
0%
8 100 492 Аскер
0%
9 95 762 Лиллестрем
0%
10 85 862 Фредрикстад
0%
11 84 908 Саннес
0%
13 66 758 Сандефьорд
0%
14 64 668 Нордре Фолло
0%
15 60 139 Сарпсборг
0%
16 59 830 Тенсберг
0%
18 56 866 Шиен
0%
20 52 646 Мосс
0%
21 50 013 Леренског
0%
No matching quizzes found
Score Distribution
Percent of People with Each Score
Percentile by Number Answered
Your Score History
You have not taken this quiz